| 000 | 00748nam a2200217 a 4500 | ||
|---|---|---|---|
| 020 | _a9290532831 | ||
| 040 | _cDLC | ||
| 082 | _a963 AGI 1994 C153 Or. | ||
| 100 | 1 | _aCoppock, David Layne. | |
| 245 | 1 | 4 |
_aThe Borana Plateau of southern Ethiopia : _bsynthesis of pastoral research, development, and change, 1980-91 / |
| 260 |
_aAddis Ababa, Ethiopia : _bInternational Livestock Centre for Africa, _c1994. |
||
| 300 |
_axv, 299, [95] p. : _bill., maps (1 col.) ; _c30 cm. |
||
| 500 | _aOne col. map on 1 folded leaf inserted. | ||
| 650 | 0 | _aBoran (African people) | |
| 650 | 0 | _aBoran (African people) | |
| 650 | 0 | _aBoran (African people) | |
| 650 | 0 | _aPastoral systems | |
| 650 | 0 | _aLivestock | |
| 650 | 0 | _aRange management | |
| 942 | _cAEDBB | ||
| 999 |
_c19265 _d19265 |
||